000 00577nam a22001937a 4500
003 OSt
005 20151203184054.0
008 151203b xxu||||| |||| 00| 0 eng d
020 _a1853463566
040 _cDDC
082 _a370LEA1995
100 _aMcLean Martin.
_96497
245 _aEducational Traditions Compared.
_bContent,Teaching and learning in Industrialised countries.
260 _aLondon.
_bDavid Fulton Publishers.
_c1995.
300 _av,202p;
_bill:
_c23cm.
504 _aReferences are included.
650 _aEducation traditions.
_96498
942 _2ddc
_cSLOAN
999 _c2819
_d2819